Animowane postacie Disneya - Statystyki

Ogólne statystyki
  • Ten quiz został rozwiązany 6 689 razy
    5 405 od ostatniego zresetowania
  • Średni wynik to 17 z 26
Statystyki odpowiedzi
Wskazówka Postać % Poprawnych
Kaczor, który nosi niebieski marynarski strój Kaczor Donald
99%
Miś, który kocha miód Kubuś Puchatek
97%
Pajacyk, który chce być prawdziwym chłopcem Pinokio
95%
Dziewczyna, która mieszka z siedmioma krasnoludkami Królewna Śnieżka
91%
Mysz, od której wszystko się zaczęło Myszka Miki
91%
Dziewczyna, która została księżniczką pomimo złej macochy Kopciuszek
88%
(Młodszy) Król Lew Simba
88%
Mała syrenka Ariel
86%
Dziewczyna, która ma długie włosy i mieszka w wieży Roszpunka
86%
Dziewczyna, która podążała za Białym Królikiem i znalazła się w magicznej krainie Alicja
84%
Księżniczka, która zapadła w długi sen Śpiąca Królewna
83%
Potarł magiczną lampę, z której pojawił się dżin Aladyn
82%
Bardzo silny grecki bohater Herkules
71%
Wyciągnął miecz z kamienia, dzięki czemu został królem Anglii Artur
64%
Malutka, latająca wróżka Dzwoneczek
64%
Dziewczyna, która zakochuje się w bestii Bella
62%
Jego matka została zastrzelona przez myśliwych polujących na jelenie Bambi
61%
Słoń, który potrafi latać Dumbo
61%
Kobieta, która ma obsesję na punkcie sierści dalmatyńczyków Cruella De Mon
60%
Chłopiec, który nie dorasta Piotruś Pan
59%
Dawna królowa Arendelle, potrafi zamrażać dotykiem Elsa
57%
Postać przypominająca antropomorficznego psa Goofy
39%
Chłopiec, który wychowywał się z wilkami Mowgli
34%
Złoczyńca z gry Fix-It Felix Jr., który chce być bohaterem Ralph Demolka
21%
Arcy-wróg księcia Jana Robin Hood
15%
Wrobiono go w Toontown Królik Roger
8%
Nie znaleziono quizów pasujących do podanych kryteriów
Rozkład punktacji
Procent ludzi z każdym wynikiem
Percentyl według liczby udzielonych odpowiedzi
Twoja historia wyników
Nie rozwiązałeś tego quizu od ostatniego zresetowania